000 00613nam a22001937a 4500
005 20260121145215.0
010 _aENG-147619
020 _a9788119670734
_c795.00
035 _aEN-131151
037 _bDBAD
082 _a297.4092
_21
245 _aHer Kama:
_bWomen, Intimacy and Identity/
_cEdited By Jaganniwas Iyer
250 _a1
260 _aNew Delhi
_bVitasta Publishing
_c2025
270 _a2/15,Ansari Road,Daryaganj,
_bNew Delhi
_e110002
_mvitastapublishing.com
300 _a291p.
_c22cm(hb)
_bill.
700 _aIyer, jaganniwas
_eEditor
_986736
942 _2ddc
_cEN
_h297.4092
_mHER
999 _c214394
_d214394